Flora del oriente antioqueño : (Registro nro. 19545)
[ vista simple ]
| 000 -CABECERA | |
|---|---|
| Campo de control | 01207nam a2200253 a 4500 |
| 005 - FECHA Y HORA DE LA ULTIMA TRANSACCION | |
| Campo de control | 20170607103523.0 |
| 008 - ELEMENTOS DE LONGITUD FIJA—INFORMACION GENERAL | |
| Campo de control | 170607t2016 ck abd|fr|||| 00| 0 spa d |
| 020 ## - ISBN | |
| ISBN | 9789589205891 |
| 040 ## - FUENTE DE CATALOGACIÓN | |
| Agencia catalogadora original | CO-BoIAVH |
| Agencia transcriptora | CO-BoIAVH |
| 041 0# - IDIOMA | |
| Código de idioma para texto/pista de sonido o título separado | Español |
| 044 ## - PAÍS DE PUBLICACIÓN | |
| País de publicación | Colombia |
| 082 04 - NUMERO DE CLASIFICACION DECIMAL DEWEY | |
| Número de clasificación | 581.709 |
| Número del ítem | Q41f |
| 245 00 - MENCION DE TITULO | |
| Título | Flora del oriente antioqueño : |
| Parte restante del título | Biodiversidad, ecología y estrategias de conservación / |
| Mención de responsabilidad | editado por Mario Alberto Quijano |
| 260 ## - PUBLICACION, DISTRIBUCION, ETC. (PIE DE IMPRENTA) | |
| Lugar de publicación, distribución, etc. | Bogotá (Colombia) : |
| Nombre del editor, distribuidor, etc. | Academia Colombiana de Ciencias Exactas Físicas y Naturales : |
| -- | Fondo Universidad Católica de Oriente, |
| Fecha de publicación, distribución, etc. | 2016. |
| 300 ## - DESCRIPCION FISICA | |
| Extensión | 266 páginas ; |
| Otros detalles físicos | ilustraciones a color, mapas, gráficas y tablas ; |
| Dimensiones | 24 x 17 cm. |
| 504 ## - NOTA DE BIBLIOGRAFIA, ETC. | |
| Nota de bibliografía | Incluye referencias bibliográficas. |
| 650 26 - ASIENTO SECUNDARIO DE MATERIA - TERMINO TEMATICO | |
| Término temático o nombre geográfico como elemento de entrada | Biodiversidad |
| Subdivisión geográfica | Antioquía (Departamento, Colombia) |
| 9 (RLIN) | 81944 |
| 650 26 - ASIENTO SECUNDARIO DE MATERIA - TERMINO TEMATICO | |
| Término temático o nombre geográfico como elemento de entrada | Flora |
| Subdivisión geográfica | Antioquía (Departamento, Colombia) |
| 9 (RLIN) | 81945 |
| 650 26 - ASIENTO SECUNDARIO DE MATERIA - TERMINO TEMATICO | |
| Término temático o nombre geográfico como elemento de entrada | Bosques |
| Subdivisión geográfica | Antioquía (Departamento, Colombia) |
| 9 (RLIN) | 81946 |
| 650 26 - ASIENTO SECUNDARIO DE MATERIA - TERMINO TEMATICO | |
| Término temático o nombre geográfico como elemento de entrada | Servicios de los ecosistemas |
| Subdivisión geográfica | Antioquía (Departamento, Colombia) |
| 9 (RLIN) | 81947 |
| 650 26 - ASIENTO SECUNDARIO DE MATERIA - TERMINO TEMATICO | |
| Término temático o nombre geográfico como elemento de entrada | Conservación de la diversidad biológica |
| Subdivisión geográfica | Antioquía (Departamento, Colombia) |
| 9 (RLIN) | 81948 |
| 700 1# - ASIENTO SECUNDARIO - NOMBRE PERSONAL | |
| Nombre personal | Quijano Abril, Mario Alberto |
| Término de relación | editor |
| 9 (RLIN) | 81949 |
| 942 ## - ELEMENTOS ADICIONALES (KOHA) | |
| Sistema de clasificación | Dewey Decimal Classification |
| Tipo de ítem | Libro |
| Withdrawn status | Lost status | Sistema de Clasificación | Damaged status | No para préstamo | Colección | Inventariado | Ubicación Permanente | Ubicación actual | Fecha de adquisición | Fuente de Valor | Valor | Total Checkouts | Número topográfico | Inventario / Código de Barras | Date last seen | Ejemplar | Price effective from | Forma de adquisición | Tipo de material |
|---|---|---|---|---|---|---|---|---|---|---|---|---|---|---|---|---|---|---|---|
| Dewey Decimal Classification | General | Inventariado 2017 | Bogotá | Bogotá | 07/06/2017 | Instituto | 39000.00 | LB-581.709 Q41f | 041366 | 07/06/2017 | Ej. 1 | 07/06/2017 | Donación | Libro |